000 00482nam a2200181Ia 4500
003 OSt
005 20250605090614.0
008 210210b2000 xxu||||| |||| 00| 0 eng d
040 _cAL
041 _aeng
082 _a820.9 COMH
100 _aCOMPTON RICKETT
_9212802
245 _aHistory of English literature from earliest times to 1916
260 _aND
_bVikaks Publishing House Pvt Ltd.,
_c2000
690 _aEnglish Literature
_9212803
906 _a050178
942 _2ddc
_cBK
999 _c98702
_d98702